|
|
|
|
| LEADER |
00000nam0a2200000 4500 |
| 001 |
367942 |
| 005 |
20231102012032.0 |
| 035 |
|
|
|a (RuTPU)RU\TPU\retro\25305
|
| 090 |
|
|
|a 367942
|
| 100 |
|
|
|a 20220328d1979 k y0rusy50 ca
|
| 101 |
0 |
|
|a rus
|
| 102 |
|
|
|a UA
|
| 105 |
|
|
|a a z 001zy
|
| 200 |
1 |
|
|a Разработка месторождений полезных ископаемых на больших глубинах
|e сборник научных трудов
|f Академия наук Украинской ССР, Институт геотехнической механики ; отв. ред. В. Н. Потураев
|
| 210 |
|
|
|a Киев
|c Наукова думка
|d 1979
|
| 215 |
|
|
|a 196 с.
|c ил.
|
| 320 |
|
|
|a Библиогр. в конце ст.
|
| 606 |
1 |
|
|a Месторождения полезных ископаемых
|x Разработка, подземная
|2 stltpush
|3 (RuTPU)RU\TPU\subj\67492
|9 83267
|
| 610 |
1 |
|
|a полезные ископаемые
|
| 610 |
1 |
|
|a месторождения
|
| 610 |
1 |
|
|a большие глубины
|
| 610 |
1 |
|
|a горное давление
|
| 610 |
1 |
|
|a управление
|
| 610 |
1 |
|
|a угольные пленки
|
| 610 |
1 |
|
|a крепление
|
| 610 |
1 |
|
|a горные выработки
|
| 610 |
1 |
|
|a проветривание
|
| 610 |
1 |
|
|a условия труда
|
| 610 |
1 |
|
|a безопасность
|
| 610 |
1 |
|
|a безлюдная выемка
|
| 675 |
|
|
|a 622.272
|v 4
|
| 702 |
|
1 |
|a Потураев
|b В. Н.
|4 340
|
| 712 |
0 |
2 |
|a Академия наук Украинской ССР
|b Институт геотехнической механики
|2 stltpush
|3 (RuTPU)RU\TPU\col\11530
|9 25156
|
| 801 |
|
1 |
|a RU
|b 63413507
|c 20220328
|
| 942 |
|
|
|c BK
|